01678nam a2200445 i 4500001000700000003000800007005001700015006001900032007001500051008004100066020001800107020002700125035002300152035002400175035002500199035002100224040003100245050002000276080000600296082001500302100004200317245019200359250002300551264006200574300004100636336003100677337003300708338004300741490003600784500002300820504002900843588012500872650002400997650002901021650002601050650003001076655002701106830003701133856006201170136739FlNmELB20241217181043.0m o d | cr cnu||||||||170402s2015 ck ob 001 0 spa d z9789587651652 a9781512934137 (e-book) a(MiAaPQ)EBC4760816 a(Au-PeEL)EBL4760816 a(CaPaEBR)ebr11312794 a(OCoLC)991900440 aFINmELBbspaerdacFINmELB 4aP302bM386 2015 a80 a401.412231 aMartínez Solís, María Cristina.13aLa argumentación en la enunciación :bla construcción del proceso argumentativo en el discurso perspectivas teóricas y trabajos prácticos /cMaría Cristina Martínez Solís. aSegunda edición. 1aCali :bPrograma Editorial Universidad del Valle,c[2015] a1 recurso en línea (256 páginas) atextobtxt2rdacontent/spa acomputadorabc2rdamedia/spa arecurso en líneabcr2rdacarrier/spa1 aColección artes y humanidades aContiene índice. aContiene bibliografía. aDescripción basada en recurso en línea; Título de la página del título en PDF (e-libro, visto April 02, 2017). 0aDiscourse analysis. 4aAnálisis del discurso. 0aPersuasion (Rhetoric) 4aPersuasión (Retórica) 4aLibros electrónicos. 0aColección artes y humanidades.40uhttps://elibro.net/ereader/politecnicointernacional/70352